000 00886nam a2200265Ia 4500
003 OSt
005 20221005111348.0
006 a|||||r|||| 00| 0
007 ta
008 221004b |||||||| |||| 00| 0 hin d
020 _a9789350729779 (hbk)
024 _a27377
037 _bGift, 22/07/2016,
_cTextual
040 _aCRL
_cCRL
_bhin
041 _2hin
_ahin
082 _aO152,3N752x, Q5
100 _aटेकचंद
245 0 _aमोर पंख तथा अन्य कहानियॉं
246 _aMor pankha tathā anya kahāniyaॉan
260 _aनई दिल्ली
_bवाणी प्रकाशन भारत
_c2015
300 _a140पृ0
_ccm.
650 _aहिन्दी साहित्य
942 _hO152,3N752x, Q5
_cTEXL
_2cc
999 _c1021608
_d1021608